ARRUPE JESUIT UNIVERSITY

CORONAVIRUS -STOP THE SPREAD - CLEAN,DISINFECT,COVER

Churches at the grass-roots: (Record no. 125352)

MARC details
000 -LEADER
fixed length control field 00916nam a22003011 4500
001 - CONTROL NUMBER
control field 324307
003 - CONTROL NUMBER IDENTIFIER
control field ARRUPE
005 - DATE AND TIME OF LATEST TRANSACTION
control field 20160927095609.0
008 - FIXED-LENGTH DATA ELEMENTS--GENERAL INFORMATION
fixed length control field 700415s1968 enka b 000 0 eng
010 ## - LIBRARY OF CONGRESS CONTROL NUMBER
LC control number 74366058
015 ## - NATIONAL BIBLIOGRAPHY NUMBER
National bibliography number B68-13082
020 ## - INTERNATIONAL STANDARD BOOK NUMBER
International Standard Book Number 0718813308
040 ## - CATALOGING SOURCE
Original cataloging agency DLC
Transcribing agency DLC
Modifying agency DLC
041 1# - LANGUAGE CODE
Language code of text/sound track or separate title engfre
050 00 - LIBRARY OF CONGRESS CALL NUMBER
Classification number BV3625.C6
Item number A73
082 00 - DEWEY DECIMAL CLASSIFICATION NUMBER
Classification number 276/.24
300 ## - PHYSICAL DESCRIPTION
Other physical details illus.
Dimensions 23 cm.
100 1# - MAIN ENTRY--PERSONAL NAME
Personal name Andersson, Efraim.
9 (RLIN) 26204
245 10 - TITLE STATEMENT
Title Churches at the grass-roots:
Remainder of title a study in Congo-Brazzaville
Statement of responsibility, etc /Efraim Andersson
260 ## - PUBLICATION, DISTRIBUTION, ETC. (IMPRINT)
Place of publication, distribution, etc London,
Name of publisher, distributor, etc Lutterworth
Date of publication, distribution, etc 1968.
300 ## - PHYSICAL DESCRIPTION
Extent xii, 296 p.;
350 ## - PRICE (NR) (BK AM CF MU VM SE) [OBSOLETE]
Price 37/6
440 #0 - SERIES STATEMENT/ADDED ENTRY--TITLE
Title World studies of churches in mission
9 (RLIN) 26205
504 ## - BIBLIOGRAPHY, ETC. NOTE
Bibliography, etc Bibliography: p. 267-270.
650 #0 - SUBJECT ADDED ENTRY--TOPICAL TERM
Topical term or geographic name as entry element Missions
Geographic subdivision Congo (Brazzaville)
9 (RLIN) 26206
651 #0 - SUBJECT ADDED ENTRY--GEOGRAPHIC NAME
Geographic name Congo (Brazzaville)
General subdivision Church History.
9 (RLIN) 26207
906 ## - LOCAL DATA ELEMENT F, LDF (RLIN)
a 7
b cbc
c orignew
d u
e ncip
f 19
g y-gencatlg
942 ## - ADDED ENTRY ELEMENTS (KOHA)
Source of classification or shelving scheme Library of Congress Classification
Koha item type Monograph ( Printed materials)
Holdings
Withdrawn status Lost status Source of classification or shelving scheme Damaged status Not for loan Collection code Home library Current library Shelving location Date acquired Total Checkouts Full call number Barcode Date last seen Price effective from Koha item type
    Library of Congress Classification     Main Collection ARRUPE LIBRARY ARRUPE LIBRARY Main Collection 27/09/2016   BV3625.C6 A73 46500010720 24/01/2017 27/09/2016 Monograph ( Printed materials)

 

Arrupe Library. PO Box MP320 Mt Pleasant, Harare, Zimbabwe
263 242 745411|librarian@aju.ac.zw